Quiz sur le Real Madrid (par lettre de A à Z) - Statistiques

Statistiques générales
  • Ce quiz a été pris 276 fois
  • Le résultat moyen est 17 sur 24
Statistiques - réponses
Lettre Indice Réponse % Correct
R Meilleur buteur de l'histoire du club Ronaldo
94%
B Meilleur passeur de l'histoire du club Benzema
91%
P Acolyte de Sergio Ramos en défense centrale Pepe
89%
Z Il marque à la 45ème minute de la finale de la Champions League en 2002 Zidane
87%
K Joueur du Real Madrid de 2009 à 2013 entre deux passages au Milan AC Kaka
85%
V Numéro 28, puis 25, puis 20 et enfin numéro 7 Vinicius
85%
E Il rejoindra cet été le Real Madrid et porte déjà le numéro 9 de sa sélection à 17 ans Endrick
83%
Q Nombre de ligue des champions dans l'histoire du club Quinze
81%
H Recruté pour plus de 100 millions d'euros, il ne jouera que 76 matchs en 4 saisons Hazard
78%
I Il accompagne Ronaldo et Benzema en attaque lors des finales de Champions League 2017 et 2018 Isco
78%
N Il soulève la Champions League en 2024 Nacho
78%
T Prénom d'une légende qui prend sa retraite après l'EURO 2024 Toni
77%
J Il qualifie le Real en finale de la Champions League avec un doublé mémorable dans le temps additionnel Joselu
72%
D Prénom du numéro 19 de l'équipe cette saison Dani
68%
M Il succède à Cristiano Ronaldo avec le numéro 7 Mariano
67%
F Prénom du numéro 23 de l'équipe Ferland
66%
C Il part pour le Portugal en 2015 avec plus de 700 matchs pour le Real Casillas
62%
X Prénom de l'entraîneur qui compte 1 défaite cette saison Xabi
56%
A Latéral formé au club qui est parti en 2006 avant de revenir en 2009 et de jouer 238 matchs jusqu'en 2016 Arbeloa
54%
S Hollandais auteur de 2 saisons au Real et maintenant à la retraite depuis 2019 Sneijder
54%
W Prénom du joueur de la reponse à la lettre S Wesley
53%
L Entraîneur qui a succédé à Zidane en 2018 Lopetegui
42%
O Latéral droit au club de 2018 à 2023 avec 2 prêts au Bayern et à la Fiorentina Odriozola
40%
G Joueur du club pendant 18 ans et auteur de 600 matchs, il a remporté 6 fois la Champions League Gento
33%
Aucun quiz correspondant
Distribution des résultats
% des personnes avec chaque résultat
Percentile par nombre de réponses
Votre historique - résultats
Vous n’avez pas pris ce quiz